000 01089nam0a22003011 4500
001 rc\2733989
005 20260408182841.0
010 _d15 к.
_9500000
021 _aRU
_b[37 М11680]
035 _a(NLR Aleph) 006861324
090 _a6850652
_c6850652
100 _a20110915d1937 m y0rusy50 ca
101 0 _arus
102 _aRU
105 _ay z |||||
200 1 _aШпионов, диверсантов и вредителей уничтожим до конца!
_fЛ. Заковский
205 _a501-1000 тыс.
210 _a[Москва]
_cПартиздат
_d1937
_gфабрика книги "Красный пролетарий"
215 _a47 с.
_d19х13
606 1 _aШпионаж
_91351879
_3RU\NLR\AUTH\66250034
606 _aРазведка (воен.)
_xБорьба с ней
_yСССР
_3RU\NLR\AUTH\66995775
_91586599
700 1 _aЗаковский
_bЛ. М.
_gЛеонид Михайлович
801 0 _aRU
_bNLR
_gpsbo
801 1 _aRU
_bELAR
_2rusmarc
801 2 _aRU
_bNLR
_c20150129
_2rusmarc
852 _aNLR
_j37-10/4847
942 _cBOOK
980 _aNB